Problemas de física, electricidad, magnetismo y óptica
| Main Author: | |
|---|---|
| Format: | Section = Libro |
| Language: | Undetermined Spanish |
| Published: |
México
Limusa
1978
|
| Subjects: |
| LEADER | 00498nam a2200193Ia 4500 | ||
|---|---|---|---|
| 008 | 240830s9999 xx 000 0 und d | ||
| 040 | |a B-ESTELÍ- RUACS / 530 G778 | ||
| 041 | |a spa | ||
| 082 | |a 530 G778 | ||
| 100 | 1 | |a Gray. Robert L. | |
| 245 | 1 | 0 | |a Problemas de física, electricidad, magnetismo y óptica |
| 260 | |a México |b Limusa |c 1978 | ||
| 300 | |a 163 p. | ||
| 650 | 7 | |a PROBLEMAS DE FISICA | |
| 650 | 7 | |b ELECTRICIDAD 3 | |
| 650 | 7 | |c OPTICA | |
| 942 | |c BK |2 ddc | ||
| 991 | |a TEXTO | ||
| 999 | |c 11000 | ||